|
|
|
|
| LEADER |
01541nam a2200289 a 4500 |
| 003 |
BD-DhAAL |
| 008 |
090527r20011968ii a 001 0 eng d |
| 020 |
|
|
|a 812190417X
|
| 040 |
|
|
|a BD-DhAAL
|c BD-DhAAL
|
| 082 |
0 |
0 |
|a 536
|2 21
|
| 100 |
1 |
|
|a Lal, Brij.
|9 579
|
| 245 |
1 |
0 |
|a Heat and thermodynamics /
|c Brij Lal and N. Subrahmanyam.
|
| 260 |
|
|
|a New Delhi :
|b S.Chand & Company
|c 1968 [reprinted 2001].
|
| 300 |
|
|
|a vii, 508 pages :
|b illustrtions
|c 21 cm.
|
| 504 |
|
|
|a Includes index
|
| 541 |
1 |
|
|e 00011450
|
| 650 |
|
0 |
|a Heat.
|
| 650 |
|
0 |
|a Thermodynamics.
|
| 700 |
1 |
|
|a Subrahmanyam, N.
|9 59692
|
| 852 |
4 |
|
|a Ayesha Abed Library
|j General shelf
|
| 942 |
|
|
|2 ddc
|c BK
|
| 999 |
|
|
|c 7363
|d 7363
|
| 952 |
|
|
|0 0
|1 0
|2 ddc
|4 0
|6 536_000000000000000_LAL
|7 0
|9 7856
|a BRACUL
|b BRACUL
|c GEN
|d 2010-02-08
|g 85.00
|l 11
|m 53
|o 536 LAL
|p 3010011450
|r 2019-09-18
|s 2019-06-26
|t 1
|w 2010-02-08
|y BK
|
| 952 |
|
|
|0 0
|1 0
|2 ddc
|4 0
|6 536_LAL_199900000000000
|7 0
|9 7857
|a BRACUL
|b BRACUL
|c GEN
|d 2010-02-08
|l 10
|m 31
|o 536 LAL
|p 3010011449
|r 2019-06-27
|s 2019-06-22
|t 2
|w 2010-02-08
|y BK
|
| 952 |
|
|
|0 0
|1 0
|2 ddc
|4 0
|6 536_000000000000000_LAL
|7 0
|9 8490
|a BRACUL
|b BRACUL
|c GEN
|d 2010-03-08
|g 100.00
|l 15
|m 30
|o 536 LAL
|p 3010012873
|r 2019-09-05
|s 2019-06-26
|t 3
|w 2010-03-08
|y BK
|x RS-85.00
|
| 952 |
|
|
|0 0
|1 0
|2 ddc
|4 0
|6 536_LAL_199900000000000
|7 0
|9 13665
|a BRACUL
|b BRACUL
|c GEN
|d 2010-12-21
|l 8
|m 8
|o 536 LAL
|p 3010011446
|r 2012-09-27
|s 2012-07-29
|t 4
|w 2010-12-21
|y BK
|
| 952 |
|
|
|0 0
|1 0
|2 ddc
|4 0
|6 536_000000000000000_LAL
|7 0
|9 14580
|a BRACUL
|b BRACUL
|c GEN
|d 2011-03-08
|g 85.00
|l 11
|m 17
|o 536 LAL
|p 3010011447
|r 2019-06-28
|s 2019-06-25
|t 5
|w 2011-03-08
|y BK
|